| 000 | 00372nam a2200145Ia 4500 | ||
|---|---|---|---|
| 008 | 150201s2014 xx 000 0 und d | ||
| 082 |
_a610 _bD14W |
||
| 100 | _aWALKER, BRIAN R. | ||
| 245 | _aDAVIDSON,S PRINCIPLES & PRACTICE OF MEDICNE | ||
| 250 | _a22ND | ||
| 260 |
_bCHURCHILL _aEDINBURGH _c2014 |
||
| 300 | _a1-1372 | ||
| 650 | _aGENERAL MEDICINE | ||
| 942 |
_2ddc _cBK _02 |
||
| 999 |
_c1820 _d1820 |
||